Central Library OPAC University of Rajshahi

Gravitation : (Record no. 52553)

MARC details
000 -LEADER
fixed length control field 00610nam a2200205 a 4500
001 - CONTROL NUMBER
control field 52553
003 - CONTROL NUMBER IDENTIFIER
rucl marc code BD-RjUL
005 - DATE AND TIME OF LATEST TRANSACTION
control field 20211209075827.0
008 - FIXED-LENGTH DATA ELEMENTS--GENERAL INFORMATION
fixed length control field 160921s1962 enka 001 0 eng d
040 ## - CATALOGING SOURCE
Original cataloging agency (BD-RjUL)52673
Language of cataloging eng
Transcribing agency BD-RjUL
Modifying agency BD-RjUL
041 ## - LANGUAGE CODE
Language code of text/sound track or separate title eng
082 ## - DEWEY DECIMAL CLASSIFICATION NUMBER
Edition number 23
Classification number 531.14
Author mark and year GRA 1962
245 10 - TITLE STATEMENT
Title Gravitation :
Remainder of title an introduction to current research /
Statement of responsibility, etc. edited by Louis Witten
260 ## - PUBLICATION, DISTRIBUTION, ETC. (IMPRINT)
Place of publication, distribution, etc. New York :
Name of publisher, distributor, etc. Wiley,
Date of publication, distribution, etc. c1962
300 ## - PHYSICAL DESCRIPTION
Pagination x, 481 p. :
Illustrations ill. ;
Size 24 cm
650 #0 - SUBJECT ADDED ENTRY--TOPICAL TERM
Topical term or geographic name as entry element Gravitation
9 (RLIN) 155281
Topical term or geographic name as entry element Unified field theories
9 (RLIN) 157137
700 1# - ADDED ENTRY--PERSONAL NAME
Personal name Witten, Louis.
942 ## - ADDED ENTRY ELEMENTS (KOHA)
Source of classification or shelving scheme Dewey Decimal Classification
Koha item type Books
Holdings
Lost status Source of classification or shelving scheme Damaged status Not for loan Collection code Permanent Location Current Location Shelving location Date acquired Source of acquisition Cost, normal purchase price Total Checkouts Full call number Date last seen Copy number Koha item type
  Dewey Decimal Classification     Non-fiction Central Library, University of Rajshahi Central Library, University of Rajshahi   08/11/1965 Zeit. 120.00   531.14 GRA 1962 21/09/2016 C-2 Books
  Dewey Decimal Classification   Not For Loan Non-fiction Central Library, University of Rajshahi Central Library, University of Rajshahi Reading Room 18/04/1964 Ur. U.H. Rotoman 15.00   531.14 GRA 1962 15/04/2017 C-1 Books